<?xml version="1.0" encoding="UTF-8"?>
<record
    xmlns:xsi="http://www.w3.org/2001/XMLSchema-instance"
    xsi:schemaLocation="http://www.loc.gov/MARC21/slim http://www.loc.gov/standards/marcxml/schema/MARC21slim.xsd"
    xmlns="http://www.loc.gov/MARC21/slim">

  <leader>02135nas1a22003011i 4500</leader>
  <controlfield tag="001">RU\NLR\Per\1188322</controlfield>
  <controlfield tag="005">20260408025717.0</controlfield>
  <datafield tag="011" ind1=" " ind2=" ">
    <subfield code="a">2221-254X</subfield>
  </datafield>
  <datafield tag="035" ind1=" " ind2=" ">
    <subfield code="a">(NLR Aleph) 010990230</subfield>
  </datafield>
  <datafield tag="090" ind1=" " ind2=" ">
    <subfield code="a">10922054</subfield>
    <subfield code="c">10922054</subfield>
  </datafield>
  <datafield tag="100" ind1=" " ind2=" ">
    <subfield code="a">20151229a20109999|||y0rusy50      ca</subfield>
  </datafield>
  <datafield tag="101" ind1="0" ind2=" ">
    <subfield code="a">rus</subfield>
  </datafield>
  <datafield tag="102" ind1=" " ind2=" ">
    <subfield code="a">RU</subfield>
  </datafield>
  <datafield tag="110" ind1=" " ind2=" ">
    <subfield code="a">ah|||||||||</subfield>
  </datafield>
  <datafield tag="200" ind1="1" ind2=" ">
    <subfield code="a">&#x41F;&#x440;&#x43E;&#x444;&#x435;&#x441;&#x441;&#x438;&#x43E;&#x43D;&#x430;&#x43B;&#x44C;&#x43D;&#x44B;&#x439; &#x43F;&#x440;&#x43E;&#x435;&#x43A;&#x442;: &#x438;&#x434;&#x435;&#x438;, &#x442;&#x435;&#x445;&#x43D;&#x43E;&#x43B;&#x43E;&#x433;&#x438;&#x438;, &#x440;&#x435;&#x437;&#x443;&#x43B;&#x44C;&#x442;&#x430;&#x442;&#x44B;</subfield>
    <subfield code="d">Professional'nyj proekt: idei, tehnologii, rezul'taty</subfield>
    <subfield code="e">&#x43D;&#x430;&#x443;&#x447;&#x43D;&#x44B;&#x439; &#x436;&#x443;&#x440;&#x43D;&#x430;&#x43B;</subfield>
    <subfield code="f">&#x410;&#x432;&#x442;&#x43E;&#x43D;&#x43E;&#x43C;. &#x43D;&#x435;&#x43A;&#x43E;&#x43C;&#x43C;&#x435;&#x440;. &#x43E;&#x440;&#x433;. &#x41D;&#x430;&#x443;&#x447;.-&#x43E;&#x431;&#x440;&#x430;&#x437;&#x43E;&#x432;&#x430;&#x442;. &#x446;&#x435;&#x43D;&#x442;&#x440; "&#x421;&#x43E;-&#x414;&#x435;&#x439;&#x441;&#x442;&#x432;&#x438;&#x435;", &#x410;&#x432;&#x442;&#x43E;&#x43D;&#x43E;&#x43C;. &#x43D;&#x435;&#x43A;&#x43E;&#x43C;&#x43C;&#x435;&#x440;. &#x43E;&#x431;&#x440;&#x430;&#x437;&#x43E;&#x432;&#x430;&#x442;. &#x43E;&#x440;&#x433;. &#x434;&#x43E;&#x43F;. &#x43F;&#x440;&#x43E;&#x444;. &#x43E;&#x431;&#x440;&#x430;&#x437;&#x43E;&#x432;&#x430;&#x43D;&#x438;&#x44F; "&#x423;&#x440;&#x430;&#x43B;. &#x430;&#x43A;&#x430;&#x434;. &#x43A;&#x43E;&#x43C;&#x43F;&#x43B;&#x435;&#x43A;&#x441;. &#x431;&#x435;&#x437;&#x43E;&#x43F;&#x430;&#x441;&#x43D;&#x43E;&#x441;&#x442;&#x438; &#x438; &#x441;&#x442;&#x440;&#x430;&#x442;&#x435;&#x433;. &#x438;&#x441;&#x441;&#x43B;&#x435;&#x434;."</subfield>
    <subfield code="z">int</subfield>
  </datafield>
  <datafield tag="210" ind1=" " ind2=" ">
    <subfield code="a">&#x41C;&#x43E;&#x441;&#x43A;&#x432;&#x430;</subfield>
    <subfield code="c">[&#x431;. &#x438;.]</subfield>
    <subfield code="a">&#x427;&#x435;&#x43B;&#x44F;&#x431;&#x438;&#x43D;&#x441;&#x43A;</subfield>
    <subfield code="c">&#x424;&#x430;&#x440;&#x442;&#x435;&#x43A;&#x441;</subfield>
    <subfield code="d">2015 -</subfield>
  </datafield>
  <datafield tag="510" ind1="1" ind2=" ">
    <subfield code="a">Professional'nyj proekt: idei, tehnologii, rezul'taty</subfield>
    <subfield code="z">int</subfield>
  </datafield>
  <datafield tag="606" ind1="1" ind2=" ">
    <subfield code="a">&#x413;&#x443;&#x43C;&#x430;&#x43D;&#x438;&#x442;&#x430;&#x440;&#x43D;&#x44B;&#x435; &#x43D;&#x430;&#x443;&#x43A;&#x438;</subfield>
    <subfield code="j">&#x41F;&#x435;&#x440;&#x438;&#x43E;&#x434;&#x438;&#x447;&#x435;&#x441;&#x43A;&#x438;&#x435; &#x438;&#x437;&#x434;&#x430;&#x43D;&#x438;&#x44F;</subfield>
    <subfield code="9">2175177</subfield>
    <subfield code="3">RU\NLR\AUTH\661308230</subfield>
  </datafield>
  <datafield tag="686" ind1="1" ind2=" ">
    <subfield code="a">&#x427;21&#x44F;54</subfield>
  </datafield>
  <datafield tag="686" ind1="1" ind2=" ">
    <subfield code="a">&#x421;.&#x44F;54</subfield>
  </datafield>
  <datafield tag="712" ind1="0" ind2="2">
    <subfield code="4">570</subfield>
    <subfield code="a">"&#x421;&#x43E;-&#x414;&#x435;&#x439;&#x441;&#x442;&#x432;&#x438;&#x435;", &#x43D;&#x430;&#x443;&#x447;&#x43D;&#x43E;-&#x43E;&#x431;&#x440;&#x430;&#x437;&#x43E;&#x432;&#x430;&#x442;&#x435;&#x43B;&#x44C;&#x43D;&#x44B;&#x439; &#x446;&#x435;&#x43D;&#x442;&#x440;</subfield>
    <subfield code="c">&#x427;&#x435;&#x43B;&#x44F;&#x431;&#x438;&#x43D;&#x441;&#x43A;</subfield>
    <subfield code="9">507825</subfield>
    <subfield code="3">RU\NLR\AUTH\880421451</subfield>
  </datafield>
  <datafield tag="712" ind1="0" ind2="2">
    <subfield code="4">570</subfield>
    <subfield code="a">"&#x41F;&#x440;&#x43E;&#x444;&#x435;&#x441;&#x441;&#x438;&#x43E;&#x43D;&#x430;&#x43B;&#x44C;&#x43D;&#x44B;&#x439; &#x43F;&#x440;&#x43E;&#x435;&#x43A;&#x442;", &#x43E;&#x431;&#x449;&#x435;&#x441;&#x442;&#x432;&#x43E; &#x441; &#x43E;&#x433;&#x440;&#x430;&#x43D;&#x438;&#x447;&#x435;&#x43D;&#x43D;&#x43E;&#x439; &#x43E;&#x442;&#x432;&#x435;&#x442;&#x441;&#x442;&#x432;&#x435;&#x43D;&#x43D;&#x43E;&#x441;&#x442;&#x44C;&#x44E;</subfield>
    <subfield code="c">&#x41C;&#x43E;&#x441;&#x43A;&#x432;&#x430;</subfield>
    <subfield code="3">RU\NLR\AUTH\8810186961</subfield>
    <subfield code="9">867859</subfield>
  </datafield>
  <datafield tag="852" ind1=" " ind2=" ">
    <subfield code="a">NLR</subfield>
    <subfield code="j">&#x41F;1/920</subfield>
  </datafield>
  <datafield tag="942" ind1=" " ind2=" ">
    <subfield code="c">JOURNAL</subfield>
  </datafield>
  <datafield tag="980" ind1=" " ind2=" ">
    <subfield code="a">RUSPER</subfield>
  </datafield>
</record>
